MDQL
is popping MORE tags! Check the
thread
!
Quizzes
Events
Quiz Creation
Community
Videos
Private Events
Remove Ads
Sign In
Join for FREE
Feedback
Dark Mode
Quiz Categories
Sports
Geography
Music
Movies
Television
Just For Fun
Miscellaneous
History
Literature
Language
Science
Gaming
Entertainment
Religion
Holiday
For Kids
Quiz Lab
Recent
Popular Today
Quiz Kudos Today
Editor Picks
Curator Picks
Quizzes by...
Day
Popularity
Type
Ratings
Length
Year
Community
Subscriptions
Recent Discussions
Orange Saloon
Badges
Playlists
Quests
Create
Leaderboards
Showdown
Live 5
Trivia Bingo
Activity
Puzzle Library
Sporcle Events
Private Events
Virtual Trivia
Globe League
Become a Host
Pub Owners
SporcleCon
Opinionation
Our Games
Videos
Blog
Mobile Apps
Partnerships
Remove Ads and Go Orange
Feedback
Music
Pop Music
The Beatles
Song
Album
Lyrics
Bands
Singers
Artist
Clip
Rock
Rap
Classical
Billboard
Country Music
Kpop
Taylor Swift
Music
Pop Music
The Beatles
Song
Album
Lyrics
Bands
Singers
Artist
Clip
Rock
Rap
Classical
Billboard
Country Music
Kpop
Taylor Swift
Random Quiz
Search Sporcle
×
Quiz Lab
Quiz Lab
Music
Song
Type in answers that appear in a list
Type in answers that appear in a list
Classic
Best Score? Go Orange.
Guess the Fifth Harmony Lyrics III Stats
Can you guess the Fifth Harmony lyrics with no hints?
By
maximafia
10m
295 Questions
957 Plays
957 Plays
957 Plays
Comments
Comments
Give Quiz Kudos
Give Quiz Kudos
-
- Ratings
hide this ad
Replay
Link that replays current quiz
Next Quiz
Link to next quiz in quiz playlist
You Got
0%
They Got
Avg Score
65%
Avg Friend Score
Upgrade to see
Score Distribution
Jump to the score distribution portion of the page
Score
0/295
Timer
10:00
0
Plays Today
% Correct
the
93.3%
I
93.3%
I
93.3%
I
93.3%
I
93.3%
the
93.3%
the
93.3%
and
93.3%
the
93.3%
I
93.3%
I
93.3%
I
93.3%
I
93.3%
I
93.3%
I
93.3%
I
93.3%
the
93.3%
the
93.3%
and
93.3%
the
93.3%
I
93.3%
I
93.3%
the
93.3%
and
93.3%
the
93.3%
I
93.3%
you
86.1%
you
86.1%
you
86.1%
you
86.1%
you
86.1%
you
86.1%
you
86.1%
you
86.1%
you
86.1%
you
86.1%
you
86.1%
you
86.1%
you
86.1%
you
86.1%
you
86.1%
you
86.1%
you
86.1%
you
86.1%
you
86.1%
you
86.1%
you
86.1%
you
86.1%
you
86.1%
you
86.1%
you
86.1%
you
86.1%
you
86.1%
you
86.1%
you
86.1%
you
86.1%
you
86.1%
you
86.1%
you
86.1%
me
79.9%
me
79.9%
me
79.9%
me
79.9%
me
79.9%
me
79.9%
me
79.9%
me
79.9%
me
79.9%
me
79.9%
me
79.9%
love
77.1%
love
77.1%
love
77.1%
love
77.1%
Do
75.6%
Do
75.6%
do
75.6%
to
74.3%
to
74.3%
to
74.3%
to
74.3%
to
74.3%
to
74.3%
to
74.3%
to
74.3%
to
74.3%
we
73.4%
we
73.4%
we
73.4%
be
69.7%
be
69.7%
be
69.7%
be
69.7%
be
69.7%
be
69.7%
go
67.4%
it
67.2%
it
67.2%
it
67.2%
% Correct
it
67.2%
it
67.2%
know
66.4%
know
66.4%
are
66.4%
are
66.4%
are
66.4%
are
66.4%
are
66.4%
know
66.4%
know
66.4%
are
66.4%
are
66.4%
are
66.4%
are
66.4%
are
66.4%
are
66.4%
are
66.4%
know
66.4%
so
64.7%
so
64.7%
so
64.7%
so
64.7%
I'm
64%
I'm
64%
I'm
64%
I'm
64%
your
63.8%
your
63.8%
Who
63.7%
Who
63.7%
Who
63.7%
Who
63.7%
Who
63.7%
Who
63.7%
Who
63.7%
Who
63.7%
Who
63.7%
Who
63.7%
Who
63.7%
Who
63.7%
don't
63.5%
don't
63.5%
in
63.4%
miss
61.7%
miss
61.7%
need
61.6%
need
61.6%
my
61.6%
need
61.6%
need
61.6%
need
61.6%
Am
61.4%
Am
61.4%
am
61.4%
Am
61.4%
Am
61.4%
am
61.4%
want
61.1%
want
61.1%
when
60.7%
when
60.7%
when
60.7%
when
60.7%
Monday
60.4%
Monday
60.4%
Will
60%
will
60%
Will
60%
will
60%
of
59.6%
of
59.6%
today
58.9%
today
58.9%
today
58.9%
today
58.9%
Tuesday
58.8%
Tuesday
58.8%
sun
58.7%
sun
58.7%
there
58.6%
there
58.6%
feel
58.4%
or
58.4%
or
58.4%
or
58.4%
or
58.4%
or
58.4%
or
58.4%
feel
58.4%
baby
58.2%
baby
58.2%
rain
57.1%
rain
57.1%
make
57%
make
57%
make
57%
make
57%
flowers
56.9%
% Correct
Thursday
56.9%
Thursday
56.9%
Friday
56.7%
just
56.7%
scared
56.7%
Friday
56.7%
just
56.7%
scared
56.7%
Wednesday
56.4%
Wednesday
56.4%
tomorrow
56.2%
tomorrow
56.2%
crazy
56%
crazy
56%
said
55.6%
said
55.6%
pouring
55.5%
pouring
55.5%
same
55.4%
same
55.4%
same
55.4%
same
55.4%
was
55.3%
Saturday
55.2%
Saturday
55.2%
Sunday
55%
Sunday
55%
can
54.7%
can
54.7%
going
54.6%
going
54.6%
going
54.6%
going
54.6%
space
54.3%
space
54.3%
didn't
54%
didn't
54%
didn't
54%
didn't
54%
bring
53.9%
bring
53.9%
bring
53.9%
sent
53.7%
stupid
53.6%
lost
53.3%
lost
53.3%
sorrow
53.2%
sorrow
53.2%
nobody
53%
nobody
53%
needed
52.8%
needed
52.8%
made
52.7%
world
52.7%
'Cause
52.7%
still
52.7%
'Cause
52.7%
still
52.7%
smile
52.4%
smile
52.4%
heart
52.2%
ours
51.2%
losing
50.5%
losing
50.5%
there's
50.3%
there's
50.3%
talk
50%
hold
49.8%
hold
49.8%
back
49.7%
how
49.7%
how
49.7%
Either
49.2%
Either
49.2%
had
48.7%
had
48.7%
Where
48.4%
It's
48.1%
It's
48.1%
fell
47.8%
prove
46%
off
45.5%
got
44.9%
mean
44.8%
pain
44.1%
strange
43.8%
strange
43.8%
screaming
43.7%
much
43.7%
right
43.5%
shook
42.3%
wrong
41.2%
face
40.2%
hurts
40.1%
until
39.7%
part
39.2%
thing
34.1%
Quiz Playlist
Details
Report
Send in Message
Add To Playlist
Classic:
Type in answers that appear in a list
Last Updated: Jun 15, 2017
Quiz Scoreboard
CHALLENGE
Sign Up to Join the Scoreboard
Show All
Scores
Hide
Comments
May contain spoilers
Recently Published
Street Fighter Characters
by Artimus82
Gaming
60s
9x9 Crossword: Cartoon Network
by jackfrog10
Miscellaneous
3m
College Basketball Coaching Resumes
by pancakes188
Sports
9m
More to Explore
Quiz From the Vault
Featured Blog Post
Where Did the Easter Bunny Come From?
hide this ad
You Might Also Like...
Tags
Song Quiz
fifth
Fifth Harmony
Figure Out the Lyrics
Harmony
Today's Top Quizzes in Music
Browse Music
hide this ad
Today's Top Quizzes in Song
Browse Song
Top Contributed Quizzes in Music
1
Taylor Swift All Songs (2024)
2
Taylor Swift Logic Puzzle
3
Guess the Artist- 70s Songs
4
7-to-1: Billboard Hot 100 #1 Hits of 2010s
5
Sorting Albums and Songs
6
KPOP LOGIC QUIZ
7
Guess the Taylor Swift song (Mystery Song)
8
Guess The Taylor Swift Lyrics Song #1
9
Billboard Blitz: ABBA
10
Billboard Blitz: The Beatles
Explore More
Trending Topics
NBA
Harry Potter
Disney
Crossword
Marvel
Anime
Kpop
NFL
Song
The Office
Country
Soccer
Pokémon
Puzzle
WWE
hide this ad
More By:
maximafia
Quiz
Plays
Rating
Category
Featured
Created
Figure out the Halsey lyrics II
1,382
5.00
Music
Jun 15, 2017
Guess the Fifth Harmony Lyrics
1,321
5.00
Music
Feb 23, 2017
Guess the Fifth Harmony Lyrics II
1,123
5.00
Music
Feb 27, 2017
Guess the Fifth Harmony Lyrics III
957
5.00
Music
Feb 28, 2017
Figure out the Halsey lyrics
854
4.67
Music
Jun 15, 2017
Go to Creator's Profile
Score Distribution
Quiz Creator Spotlight
maximafia
Follow
Send a Message
Quizzes Created
-
Created Quiz Play Count
-
More By This Creator
Popular Quizzes Today
1
Find the US States - No Outlines Minefield
2
Find the Countries of Europe - No Outlines Minefield
3
The Countries of the World
4
Find the US States
5
Risky Map Clicking: Biggest States A-Z
6
US States
7
Popular People in 1961
8
Movies - When Are They Set?
More Music Quizzes
4-to-1 Blitz: Music
Published
Trending Quizzes
Risky Map Clicking: Least Populous States A-Z
Countries of the World: 200 Million BC
1-10 Letter G Words
Risky Map Clicking: Next State Alphabetically
Adjectives in 80s TV Shows
Recently Updated
Leaping Animals
pecheneg
Reality TV Shows (A-Z)
bhenderson79
Rickey Henderson's Hall of Fame Teammates
pecheneg
Champions League XIs: Arsenal
pecheneg
Quick Pick: Celebrities in WWE's Hall of Fame
aduchscher
A-Z Keypad Blitz II
pecheneg
Multiple Oscar Actors
pecheneg
Mystery Phrase Blitz: Oscar 'Best Actors'
pecheneg
F. Scott Fitzgerald Novels
LTH
Pick 3 Villains
ddd62291
Trending Topics
Crossword
Marvel
Kpop
NBA
Harry Potter
Disney
Anime
Country
Song
WWE
The Office
NFL
Pokémon
Puzzle
Soccer
Your Account Isn't Verified!
In order to create a playlist on Sporcle, you need to verify the email address you used during registration. Go to your
Sporcle Settings
to finish the process.
Report this User
Report this user for behavior that violates our
Community Guidelines
.
Details:
Send Report
Go to the Sporcle.com Mobile Site →
Comments